000 00332 a2200121 4500
000 nam a22 7a 4500
005 20260108161700.0
020 _a9783111517360
100 _aDjebali, Smail
_9863198
245 _aAlgebric Topology: Constructions,Retractions and Fixed Point Theory
260 _bDe Gruyter
_c2025
942 _cTEXL
999 _c1467349
_d1467349